Prc̀tica procesal penal

Bibliographic Details
Main Author: Echarri Casi, Fermn̕ Javier
Other Authors: Castan̨̤ ℓlvarez, Mara̕ Još, Etxebarria Zarrabeitia, Xabier
Format: eBook
Language:Spanish
Published: Madrid: Dykinson, 2020
Subjects:
Online Access:Acceso restringido

MARC

LEADER 00000nam a22000007a 4500
005 20200526231334.0
007 cr|||| ||||
008 200526s2020 es |||||s|||| 00||0 spa d
020 |a 978-84-1324-631-4 
035 |a 31470 
040 |a vLex 
090 |c 10397  |d 10397 
100 1 |a Echarri Casi, Fermn̕ Javier 
245 1 0 |a Prc̀tica procesal penal  |h [Recurso electrn̤ico] /  |c Fermn̕ Javier Echarri Casi, Mara̕ Jos ̌Castan̨̤ ℓlvarez, Xabier Etxebarria Zarrabeitia 
256 |a Servicio en ln̕ea 
260 |a Madrid:  |b Dykinson,  |c 2020 
300 |a 1 recurso electrn̤ico 
506 1 |a Disponible solo en los productos indicados  |d vLex Global  |d vLex Global (Academic Edition, excluding Law Schools)  |d vLex Global (U.S. Academic Edition, Law Schools)  |d vLex Global (U.S. Academic Edition, excluding Law Schools)  |d vLex Global (Academic Edition, Law Schools) 
650 0 4 |a Derecho Penal  |z Espaą 
650 0 4 |a Procedimiento Penal  |z Espaą 
700 1 |a Castan̨̤ ℓlvarez, Mara̕ Još 
700 1 |a Etxebarria Zarrabeitia, Xabier 
740 0 |a vLex Libros (Servicio en ln̕ea) 
856 4 0 |u http://vlex.com/source/practica-procesal-penal-31470  |z Acceso restringido 
942 |c BOOK 
999 0 |a Criminal Law 
999 0 |a Criminal Procedure